000 02202nam a2200349 a 4500
005 20200104041615.0
008 131126b2007 ck ||||| |||| 00| 0 spa d
040 _aCO-BoIAVH
_cCO-BoIAVH
041 _aspa
044 _ack
090 _aIAVH
_b01379
100 _aArango, Natalia
_9352
245 _aEvaluación de conservación del departamento del Valle del Cauca, basada en principios de planeación sistemática de la conservación
_bInforme final de resultados
260 _aBogotá
_bInstituto de Investigación de Recursos Biológicos Alexander von Humboldt
_bColciencias
_c2007
300 _a664 p.
_bil.mapas
_c28 cm.
500 _aInforme técnico contrato nº 346-2004
505 _aAnexo I. Documento final descriptivo y analítico -- Anexo II. Mapas de ecosistemas actuales (año 2000) y potenciales del departamento del Valle del Cauca -- Anexo III. Comunicaciones de Asesorías de Expertos Internacionales -- Anexo IV. Información ambiental para procesos ecológicos y modelación de distribución potencial de especies -- Anexo V. Trabajos de Grado: Estado de conservación de las poblaciones de tres Palmas amenazadas del departamento del Valle del Cauca / Alejandro Zuluaga Tróchez ; Designation of supplementary protected areas in the Valle del Cauca, Colombia / Juliane Sander
505 _aContenido CD: Distribución y estado de conservación de las poblaciones de tres especies de palmas amenazadas del Departamento del Valle del Cauca / Alejandro Zuluaga Tróchez -- Uso de modelos de predicción como herramienta para estimar el área de distribución potencial de la especie aniba perutilis hemsley (comino crespo) en el departamento del Valle del Cauca
650 _aEcosistemas
_992256
650 _aAves
_992429
650 _aMamíferos
_992510
650 _aConservación de biodiversidad
_9345
650 _aPlantas amenazadas
_92960
650 _aMapa de ecosistemas
_92961
650 _aTransformación de ecosistemas
_92962
662 _aColombia
_bValle del Cauca
700 _aFranco, Ana María
_9408
700 _aMatallana, Clara Lucía
_92963
700 _aPolanco, Rocío
_92964
700 _aMorales, Mónica
_92695
942 _cINFORME
_2z
_04
999 _c7125
_d7125